1805 1803 1232 1438 1508 1567 1580 1878 1460 1887 1341 1943 1323 1632 1137 1349 1277 1529 1121 1453 1244 1095 1947 1054 1045 1171 1348 1930 1867 1840 1081 1946 1341 1868 1442 1092 1342 1510 1160 1696 1504 1593 1983 1524 1084 1853 1552 1524 1272 1356 1714 1400 1637 1344 1473 1002 1908 1831 1117 1739 1717 1367 1389 1161 1284 1376 1967 1053 1686 1400 1438 1137 1997 1235 1321 1316 1566 1307 1575 1617 1987 1857 1770 1556 1307 1615 1357 1090 1719 1468 1300 1078 1467 1821 1854 1902 1431 1793 1667 BCNSPRNW ULIB Ver.6.0+V

เปลี่ยนเป็นภาษาไทย

Change to English
 แสดงรายละเอียดบรรณานุกรม
  กลับหน้าหลัก

Brief Record : Get Marc (ISO 2709) : E-mail record : QR code < ปิดหน้าต่าง
LEADER : 00000nam 2200000uu 4500
001    13399120393
003     ULIB
008    120919s2549||||th 000 0 tha d
020    ^a9749755820(ล.1)
060  4 ^aWA546^bม246ก ล.1 2549
110 1  ^aมหาวิทยาลัยสุโขทัยธรรมาธิราช^bสาขาวิชาวิทยาศาสตร์สุขภาพ
245 00 ^aเอกสารการสอนชุดวิชา การทำงานชุมชนด้านสาธารณสุข หน่วยที่ 1-8=^bPublic health work in the community/^cสาขาวิชาวิทยาศาสตร์สุขภาพ มหาวิทยาลัยสุโขทัยธรรมาธิราช
246 0  ^aPublic health work in the community
250    ^aพิมพ์ครั้งที่ 6
260    ^aนนทบุรี:^bศูนย์หนังสือมหาวิทยาลัยสุโขทัยธรรมาธิราช,^c2549
300    ^a445 หน้า
650  7 ^aสาธารณสุข
650  7 ^aอนามัยชุมชน
945    ^p0^l0^i14734
995    ^aกัณชพร
999 ^a ใช้งานได้ทุกระบบ
รายการนี้ยังไม่มีแท็ก
คุณยังไม่ได้ล็อกอิน คุณสามารถมีกิจกรรมร่วมกับเว็บไซต์ได้ แต่ต้องล็อกอินก่อน ::
  ล็อกอิน

รายการสื่อสารสนเทศ

ลำดับที่ ประเภท เลขเรียก/บาร์โค้ด สถานที่ สถานะ
1. วิทยาศาสตร์การแพทย์ และสุขภาพ
วิทยาศาสตร์การแพทย์ และสุขภาพ
WA546 ม246ก ล.1 2549  
  Barcode: 14734
ห้องสมุดวิทยาเขตสวรรค์ประชารักษ์
►หนังสือทั่วไป
บนชั้น

รายการใกล้เคียง
    หัวเรื่อง [สาธารณสุข]
    หัวเรื่อง [อนามัยชุมชน]

BibComment


ยังไม่เคยถูกคอมเมนท์

คอมเมนท์ทรัพยากรรายการนี้
  คอมเมนท์: เอกสารการสอนชุดว..


 Copyright 2026. Bcnsprnw @Library